| 000 | 00631nam a2200217 i 4500 | ||
|---|---|---|---|
| 001 | bg | ||
| 100 | 1 |
_aCHEN, Wai-Fah _d(1936- ) |
|
| 245 | 0 |
_aStructural stability : _btheory and implementation / _cW.F. Chen, E.M. Lui. |
|
| 260 |
_aNew York : _bElsevier, _c1987. |
||
| 650 | 9 |
_aKonstrukcje budowlane _xmechanika _xbadanie _xmetody |
|
| 650 | 9 |
_aStateczność _xzagadnienia |
|
| 650 | 9 |
_aAnaliza numeryczna _xstosowanie |
|
| 700 | 1 | _aLUI, E. M. | |
| 020 | _a0444011196 | ||
| 040 | _cBPK | ||
| 041 | _apol | ||
| 080 | _a624.01./.07:519.6 | ||
| 920 | _a0-444-01119-6 | ||
| 942 | _cKS | ||
| 008 | s pl f |000 0 pol | ||
| 999 |
_c29064 _d29064 |
||
| 856 |
_uhttp://koha.tu.koszalin.pl/cgi-bin/koha/opac-detail.pl?biblionumber=29064 _yKatalog online BPK |
||